000 00674nam a2200217Ia 4500
003 GCL
008 140319s9999 xx 000 0 ara d
040 _aGCL /
_cGCL
082 0 4 _a916.2
_bم ج
100 1 _aمحمد صبرى محسوب
245 1 0 _aجيومورفولوجية السواحل /
_cمحمد صبرى محسوب
260 _aالقاهرة :
_bدار الثقافة للنشر والتوزيع ،
_c1991
300 _a368 ص ؛
_c24 سم
490 _a
650 0 4 _aالجغرافيا الطبيعية
650 0 4 _aالسواحل
650 0 4 _aالحواجز البحرية
650 0 4 _aالجزر
650 0 4 _aالواصل
942 _2ddc
_cBK
999 _c39541
_d39541